| 000 | 00589nam a22001577a 4500 | ||
|---|---|---|---|
| 003 | OSt | ||
| 005 | 20151002141422.0 | ||
| 008 | 151002b xxu||||| |||| 00| 0 eng d | ||
| 040 | _cRUA | ||
| 082 | _aAVM SRO 1995 B068 Or.1 | ||
| 100 |
_91761 _aSROU, SROEUN. |
||
| 245 | _aAnimals's disease frequently seen at the slaughterhouse in kompong cham province, ជំងឺសត្វជួបប្រទះញឹកញាបនៅសត្ដឃាដដ្ឋានខេត្តកំពង់ចាម | ||
| 260 |
_aPhnom Penh _bRUA _c1995 |
||
| 300 |
_a59p. _bill. _c29cm. |
||
| 942 |
_2ddc _cAVM |
||
| 999 |
_c1662 _d1662 |
||